000 01016cam a2200277 a 4500
001 15494071
005 20180307034659.0
008 081022s2009 ctua b 001 0 eng
010 _a 2008046322
015 _aGBA917212
_2bnb
016 7 _a014908899
_2Uk
020 _a9780300119398 (pbk. : alk. paper)
020 _a0300119399 (pbk. : alk. paper)
035 _a(OCoLC)ocn237884899
040 _aDLC
_cDLC
_dBTCTA
_dBAKER
_dYDXCP
_dUKM
_dC#P
_dCDX
_dBWX
_dDLC
041 _aeng
080 _a001.44 FRI
082 0 0 _a001.44 FRI
_222
100 1 _a28
101 _aSHK
245 1 0 _aWriting successful science proposals /
_cAndrew J. Friedland and Carol L. Folt.
504 _aIncludes bibliographical references (p. [195]-197) and index.
906 _a7
_bcbc
_corignew
_d1
_eecip
_f20
_gy-gencatlg
942 _2ddc
_cBK
999 _c44260
_d44260